| 000 | 00793nam a22002177a 4500 | ||
|---|---|---|---|
| 999 |
_c10376 _d10376 |
||
| 003 | AR-CdUCM | ||
| 008 | 190401b ||||| |||| 00| 0 spa d | ||
| 040 |
_aMUNICIPALIDAD PROVINCIAL DEL CUSCO _cBIBLIOTECA MUNICIPAL DEL CUSCO |
||
| 082 |
_a341.8 / _bA46 / 1963 |
||
| 100 |
_aAlzamora Valdez, Mario _927189 |
||
| 245 |
_aLa abogacía : _bTres conferencias sobre el hombre de derecho / |
||
| 260 |
_aLima : _bUniversidad Nacional Mayor de San Marcos, _c1963. |
||
| 300 |
_a144 páginas ; _c25 cm. |
||
| 505 | _aContenido: La profesión de abogado -- Elogio de un magistrado -- Elogio de un jurista. | ||
| 650 |
_aAbogacía _922813 |
||
| 650 |
_aDerecho _9739 |
||
| 650 |
_aJurista _927190 |
||
| 710 |
_aUniversidad Nacional Mayor de San Marcos _95627 |
||
| 942 |
_2ddc _cLIBROS |
||
| 945 | _aacv | ||